[Event "SLO-ch 32nd"]
[Site "Radenci"]
[Date "2022.07.10"]
[Round "9"]
[White "Crepan, Marjan"]
[Black "Plaskan, Jure"]
[Result "0-1"]
[WhiteElo "2293"]
[BlackElo "2189"]
[PlyCount "149"]
[EventDate "2022.07.03"]
[EventType "swiss"]
[EventRounds "9"]
[EventCountry "SLO"]
[SourceTitle "EXT 2023"]
[Source "ChessBase"]
[SourceDate "2022.10.05"]
[SourceVersion "1"]
[SourceVersionDate "2022.10.05"]
[SourceQuality "1"]

1. e4 c5 2. Nf3 e6 3. d4 cxd4 4. Nxd4 a6 5. Be2 Nf6 6. Nc3 Qc7 7. 0-0 Bb4 8. Qd3 Nc6 9. Nb3 h5 10. f4 Bxc3 11. bxc3 d5 12. e5 Ne4 13. Bf3 Ne7 14. Ba3 Bd7 15. c4 Qb6+ 16. Kh1 Nf5 17. c5 Qd8 18. Nd4 h4 19. Nxf5 exf5 20. Bxe4 dxe4 21. Qe3 h3 22. g3 Qa5 23. c6 Bxc6 24. Rfd1 Rd8 25. Rxd8+ Qxd8 26. Bd6 f6 27. Qb3 Qd7 28. Kg1 fxe5 29. fxe5 b5 30. Rd1 Qa7+ 31. Kf1 Qf7 32. Qc3 Bd7 33. Qc7 Qc4+ 34. Qxc4 bxc4 35. Rb1 Kf7 36. Kf2 g5 37. Rb6 a5 38. Ke3 Rc8 39. c3 Rc6 40. Rb8 Rc8 41. Rb6 Ke6 42. Bc7+ Kf7 43. Bd6 Kg6 44. Ba3+ Kh5 45. e6 Ba4 46. e7 Kg4 47. Bd6 Bd7 48. Rb7 Be8 49. Be5 a4 50. Rb6 Bh5 51. Rd6 Rc5 52. Bd4 Rc7 53. Bf6 Bf7 54. Rd8 Rc6 55. Rf8 Bh5 56. Bd4 Re6 57. Bc5 Re5 58. Bb4 Re6 59. a3 Re5 60. Bd6 Rd5 61. Bb8 Rd3+ 62. Ke2 Rxc3 63. Rh8 Rc2+ 64. Kd1 Rb2 65. Bd6 Rb6 66. Bc5 Re6 67. Ke2 f4 68. gxf4 gxf4 69. Rf8 Kg5+ 70. Kf1 e3 71. Rg8+ Kf5 72. Rh8 Bg6 73. Rxh3 c3 74. Ke1 Ke5 75. Kd1 0-1

[Event "SLO-ch 32nd"]
[Site "Radenci"]
[Date "2022.07.05"]
[Round "3"]
[White "Crepan, Marjan"]
[Black "Brilej, Jaka"]
[Result "1/2-1/2"]
[WhiteElo "2293"]
[BlackElo "2364"]
[PlyCount "63"]
[EventDate "2022.07.03"]
[EventType "swiss"]
[EventRounds "9"]
[EventCountry "SLO"]
[SourceTitle "EXT 2023"]
[Source "ChessBase"]
[SourceDate "2022.10.05"]
[SourceVersion "1"]
[SourceVersionDate "2022.10.05"]
[SourceQuality "1"]

1. e4 c5 2. Nf3 Nc6 3. d4 cxd4 4. Nxd4 Nf6 5. Nc3 e5 6. Nf5 d5 7. exd5 Bxf5 8. dxc6 bxc6 9. Qf3 Qd7 10. Bd3 Bxd3 11. Qxd3 Qxd3 12. cxd3 0-0-0 13. Ke2 Bb4 14. Bg5 Bxc3 15. bxc3 Rd6 16. Bxf6 Rxf6 17. Rab1 Kc7 18. Rb4 Rb8 19. Rxb8 Kxb8 20. Rb1+ Kc7 21. Rb4 c5 22. Ra4 a6 23. Ke3 Rb6 24. g4 Rh6 25. g5 Rg6 26. h4 h6 27. Ke4 hxg5 28. hxg5 Kb6 29. Kf5 Rd6 30. Ke4 Rg6 31. Kf5 Rd6 32. Ke4 1/2-1/2

[Event "Ptuj op"]
[Site "Ptuj"]
[Date "2018.08.10"]
[Round "4"]
[White "Krumpacnik, Domen"]
[Black "Crepan, Marjan"]
[Result "1/2-1/2"]
[WhiteElo "2346"]
[BlackElo "2298"]
[PlyCount "176"]
[EventDate "2018.08.07"]
[EventType "swiss"]
[EventRounds "9"]
[EventCountry "SLO"]
[SourceTitle "CBM 186 Extra"]
[Source "ChessBase"]
[SourceDate "2018.08.24"]
[SourceVersion "1"]
[SourceVersionDate "2018.08.24"]
[SourceQuality "1"]

1. c4 Nf6 2. Nc3 c6 3. e4 d5 4. e5 d4 5. exf6 dxc3 6. bxc3 exf6 7. d4 Bd6 8. Bd3 0-0 9. Ne2 Re8 10. 0-0 Nd7 11. Ng3 Nf8 12. Qf3 Ng6 13. Bd2 Qc7 14. c5 Bf8 15. Nf5 b6 16. h4 Bxf5 17. Qxf5 Be7 18. h5 Nf8 19. Bf4 Qb7 20. Rfe1 Rad8 21. cxb6 axb6 22. Re3 Ba3 23. h6 Rxe3 24. hxg7 Rxd3 25. gxf8R+ Bxf8 26. Qxd3 c5 27. a4 cxd4 28. cxd4 Rd5 29. Rc1 Qd7 30. Qg3+ Kh8 31. Be3 Qxa4 32. Qf3 Qd7 33. Qxf6+ Bg7 34. Qxb6 Bxd4 35. Bxd4+ Rxd4 36. Qf6+ Kg8 37. Rc3 Rd1+ 38. Kh2 Qd6+ 39. Rg3+ Kf8 40. Qh8+ Ke7 41. Qxh7 Rd4 42. Qh5 Qf4 43. Kh3 Re4 44. Rf3 Re5 45. Qh7 Qc4 46. g3 Qd5 47. Qh4+ Ke8 48. Qf4 Kf8 49. Kh2 Rh5+ 50. Kg2 Re5 51. Qf6 Kg8 52. g4 Rg5 53. Kh3 Rg6 54. Qf4 Rh6+ 55. Kg3 Qd6 56. g5 Rg6 57. Kg4 Qxf4+ 58. Rxf4 Kg7 59. Rf5 Rb6 60. Kh5 Rb1 61. Rf6 Rg1 62. f4 Rg2 63. Rc6 Rg1 64. Rc3 Rg2 65. Rb3 Rg1 66. Rb7 Rg2 67. f5 Rh2+ 68. Kg4 Rg2+ 69. Kf4 Rf2+ 70. Ke4 Kg8 71. Ke5 Ra2 72. Kf6 Ra6+ 73. Ke7 Kg7 74. Rb5 Rc6 75. Rd5 Rb6 76. Rd8 Rb7+ 77. Kd6 Rb5 78. f6+ Kg6 79. Rg8+ Kf5 80. Ke7 Rb7+ 81. Kf8 Ke6 82. Kg7 Kf5 83. Re8 Kxg5 84. Re5+ Kf4 85. Re7 Rb6 86. Rxf7 Kg5 87. Rf8 Ra6 88. Rf7 Rb6 1/2-1/2

[Event "CRO-chT2 West"]
[Site "Croatia"]
[Date "2017.04.08"]
[Round "4.2"]
[White "Cherin, Diego"]
[Black "Crepan, Marjan"]
[Result "0-1"]
[WhiteElo "2219"]
[BlackElo "2284"]
[PlyCount "46"]
[EventDate "2017.03.25"]
[EventType "team-tourn"]
[EventRounds "9"]
[EventCountry "CRO"]
[SourceTitle "EXT 2020"]
[Source "ChessBase"]
[SourceDate "2019.10.17"]
[SourceVersion "1"]
[SourceVersionDate "2019.10.17"]
[SourceQuality "1"]

1. e4 e5 2. Nf3 Nc6 3. Bc4 Bc5 4. c3 Nf6 5. d3 Bb6 6. 0-0 0-0 7. Bg5 d6 8. Bb3 Ne7 9. Nh4 Kh8 10. Bxf6 gxf6 11. Qf3 Ng6 12. Nf5 Bxf5 13. exf5 Ne7 14. Qxb7 c6 15. Qa6 Qd7 16. Na3 Nxf5 17. Qa4 d5 18. Qg4 Rg8 19. Qh3 Rg6 20. Nc2 Rh6 21. Qf3 Rg8 22. g3 Nxg3 23. hxg3 Qh3 0-1

[Event "CRO-chT2 West"]
[Site "Croatia"]
[Date "2014.11.16"]
[Round "8.11"]
[White "Crepan, Marjan"]
[Black "Fucak, Emilijo"]
[Result "1/2-1/2"]
[WhiteElo "2311"]
[BlackElo "2251"]
[PlyCount "102"]
[EventDate "2014.03.15"]
[EventType "team-tourn"]
[EventRounds "9"]
[EventCountry "CRO"]
[SourceTitle "EXT 2019"]
[Source "ChessBase"]
[SourceDate "2018.10.10"]
[SourceVersion "1"]
[SourceVersionDate "2018.10.10"]
[SourceQuality "1"]
[WhiteTeam "Karlobag"]
[BlackTeam "Rijeka Kvarner"]
[WhiteTeamCountry "CRO"]
[BlackTeamCountry "CRO"]

1. e4 e6 2. d4 d5 3. e5 b6 4. c3 Qd7 5. Bd3 Ba6 6. Ne2 Bxd3 7. Qxd3 c5 8. 0-0 Nc6 9. a3 f6 10. f4 c4 11. Qh3 f5 12. Nd2 Nh6 13. Nf3 Nf7 14. Be3 Be7 15. Bf2 h6 16. Qh5 g5 17. Kh1 Rg8 18. Rg1 g4 19. Nh4 Bxh4 20. Bxh4 Kf8 21. Bf6 Re8 22. Qh4 Ne7 23. Qf2 Rg6 24. Ng3 Ng8 25. Nh5 Nd6 26. Rge1 Ne4 27. Qh4 Qf7 28. Rxe4 dxe4 29. Re1 Qd7 30. Re3 Qa4 31. Qe1 Kf7 32. Bh4 Rc8 33. Kg1 Rc7 34. Re2 Rd7 35. Rd2 a5 36. Ng3 Qc6 37. Nf1 Ne7 38. Bxe7 Kxe7 39. Qh4+ Kf7 40. Ne3 Rd5 41. Qe1 Rg8 42. Qh4 Rg6 43. Kf1 Kf8 44. Ke2 Kg8 45. Kd1 Kh7 46. Kc1 Rg7 47. Qf6 Rg6 48. Qe7+ Rg7 49. Qf6 Rg6 50. Qe7+ Rg7 51. Qf6 Rg6 1/2-1/2

[Event "Porec op"]
[Site "Porec"]
[Date "2013.12.06"]
[Round "3"]
[White "Crepan, Marjan"]
[Black "Jovanic, Ognjen"]
[Result "1/2-1/2"]
[WhiteElo "2302"]
[BlackElo "2519"]
[PlyCount "62"]
[EventDate "2013.12.05"]
[EventType "swiss"]
[EventRounds "7"]
[EventCountry "CRO"]
[SourceTitle "CBM 157 Extra"]
[Source "ChessBase"]
[SourceDate "2013.12.19"]
[SourceVersion "1"]
[SourceVersionDate "2013.12.19"]
[SourceQuality "1"]

1. e4 e5 2. Nf3 Nc6 3. d4 exd4 4. Bc4 Bc5 5. Ng5 Nh6 6. Nxf7 Nxf7 7. Bxf7+ Kxf7 8. Qh5+ g6 9. Qxc5 d5 10. e5 Re8 11. 0-0 Rxe5 12. Bf4 Qe7 13. Qb5 Rf5 14. Bg3 Qb4 15. Na3 a6 16. Qxb4 Nxb4 17. Bxc7 Bd7 18. Rfd1 Rc8 19. Bb6 Nxc2 20. Nxc2 Rxc2 21. Bxd4 Rf4 22. f3 g5 23. h3 h5 24. Bc3 Bc6 25. Rd2 Rxd2 26. Bxd2 Rf5 27. Bc3 g4 28. hxg4 hxg4 29. fxg4 Rf4 30. Rf1 Rxf1+ 31. Kxf1 Kg6 1/2-1/2

[Event "CRO-chT qual"]
[Site "Nasice"]
[Date "2013.11.30"]
[Round "1"]
[White "Crepan, Marjan"]
[Black "Jakovljevic, Vlado"]
[Result "1/2-1/2"]
[WhiteElo "2302"]
[BlackElo "2412"]
[PlyCount "200"]
[EventDate "2013.11.30"]
[EventType "team-tourn"]
[EventRounds "3"]
[EventCountry "CRO"]
[SourceTitle "CBM 157 Extra"]
[Source "ChessBase"]
[SourceDate "2013.12.19"]
[SourceVersion "1"]
[SourceVersionDate "2013.12.19"]
[SourceQuality "1"]

1. e4 c5 2. Nf3 d6 3. d4 cxd4 4. Nxd4 Nf6 5. Nc3 a6 6. Be2 e6 7. a4 Nc6 8. Be3 Be7 9. 0-0 0-0 10. f4 Qc7 11. Kh1 Re8 12. Qe1 Nxd4 13. Bxd4 e5 14. fxe5 dxe5 15. Qg3 Bd8 16. Be3 Be6 17. Bh6 g6 18. Rad1 Be7 19. Bg5 Kg7 20. Bxf6+ Bxf6 21. Bg4 Rad8 22. Qf2 Qe7 23. Bxe6 fxe6 24. Qb6 Rd4 25. Rxd4 exd4 26. Ne2 e5 27. h3 Rf8 28. Ng1 h5 29. Rf3 Qd7 30. a5 Qe7 31. c3 Rd8 32. Rd3 Rd6 33. Qb4 Rc6 34. Qb3 Rc7 35. Nf3 Qc5 36. Qd1 Qxa5 37. cxd4 exd4 38. Nxd4 Qe5 39. b3 Qxe4 40. Nf3 Re7 41. Rd7 Rxd7 42. Qxd7+ Qe7 43. Qd5 Qc7 44. Qe4 a5 45. Qd5 b6 46. Qb5 Qd6 47. Qc4 Qd7 48. Qe2 b5 49. Qc2 a4 50. bxa4 bxa4 51. Qc5 Bb2 52. Ne5 Bxe5 53. Qxe5+ Kh7 54. Qc5 Qd1+ 55. Kh2 Qb3 56. Qe7+ Kg8 57. Qe8+ Kg7 58. Qe5+ Kf7 59. Qc7+ Kf6 60. Qf4+ Ke6 61. Qe4+ Kd7 62. Qd4+ Kc6 63. Qe4+ Kc5 64. Qxg6 Qd5 65. Qc2+ Kb5 66. Qb2+ Ka5 67. Qc3+ Kb6 68. Qb4+ Qb5 69. Qd4+ Kb7 70. Qe4+ Kb6 71. Qd4+ Ka6 72. Qc3 Qb8+ 73. Kh1 Qd6 74. Qc4+ Ka5 75. Qc3+ Kb5 76. Qb2+ Ka6 77. Qe2+ Kb6 78. Qb2+ Ka6 79. Qe2+ Ka7 80. Qxh5 a3 81. h4 Kb6 82. Qf7 Ka5 83. h5 Kb4 84. Qb7+ Kc3 85. Qg7+ Qd4 86. Qg3+ Kb2 87. Qb8+ Ka1 88. Qb3 Qh4+ 89. Kg1 Qe1+ 90. Kh2 Qe5+ 91. Kg1 Qc5+ 92. Kh1 Qxh5+ 93. Kg1 Qc5+ 94. Kh1 Qc1+ 95. Kh2 a2 96. Kh3 Qh6+ 97. Kg4 Qg6+ 98. Kh3 Qh6+ 99. Kg4 Qg7+ 100. Kh3 Qh6+ 1/2-1/2

[Event "SLO-chT1 West"]
[Site "Ljubljana"]
[Date "2013.09.28"]
[Round "2"]
[White "Crepan, Marjan"]
[Black "Hribar, Bojan"]
[Result "1-0"]
[WhiteElo "2307"]
[BlackElo "2274"]
[PlyCount "71"]
[EventDate "2013.09.27"]
[EventType "team-tourn"]
[EventRounds "9"]
[EventCountry "SLO"]
[SourceTitle "EXT 2019"]
[Source "ChessBase"]
[SourceDate "2018.10.10"]
[SourceVersion "1"]
[SourceVersionDate "2018.10.10"]
[SourceQuality "1"]
[WhiteTeam "Podpec SD"]
[BlackTeam "Komenda"]
[WhiteTeamCountry "SLO"]
[BlackTeamCountry "SLO"]

1. e4 e5 2. Nc3 Nf6 3. Nf3 Nc6 4. Bb5 Nd4 5. Bc4 Bc5 6. d3 d6 7. Nxd4 Bxd4 8. h3 c6 9. Qf3 Be6 10. Ne2 Bb6 11. Ng3 Qd7 12. Bg5 Bd8 13. 0-0-0 b5 14. Bb3 h6 15. Bxf6 Bxf6 16. Nh5 Bg5+ 17. Kb1 Bxb3 18. axb3 0-0 19. h4 Bd8 20. g4 f6 21. Ng3 c5 22. Nf5 a5 23. Rdg1 a4 24. g5 fxg5 25. hxg5 Bxg5 26. Rxg5 hxg5 27. Qh5 Rxf5 28. Qh7+ Kf8 29. exf5 Qf7 30. f6 Ra7 31. fxg7+ Qxg7 32. Qf5+ Rf7 33. Qc8+ Ke7 34. Rh8 Kf6 35. Qd8+ Kg6 36. Rg8 1-0

[Event "CRO-chT2 1B League qual"]
[Site "Opatija"]
[Date "2012.11.24"]
[Round "1.2"]
[White "Vidovic, Sasa"]
[Black "Crepan, Marjan"]
[Result "1/2-1/2"]
[WhiteElo "2365"]
[BlackElo "2310"]
[PlyCount "27"]
[EventDate "2012.11.24"]
[EventType "team-tourn"]
[EventRounds "3"]
[EventCountry "CRO"]
[SourceTitle "EXT 2014"]
[Source "ChessBase"]
[SourceDate "2013.11.20"]
[SourceVersion "1"]
[SourceVersionDate "2013.11.20"]
[SourceQuality "1"]
[WhiteTeam "Strigova Stridon"]
[BlackTeam "Karlobag"]
[WhiteTeamCountry "CRO"]
[BlackTeamCountry "CRO"]

1. b3 d5 2. Bb2 Bf5 3. e3 e6 4. f4 Nd7 5. Nf3 Ngf6 6. Be2 h6 7. 0-0 c6 8. Ne5 Nxe5 9. fxe5 Ng8 10. Bg4 Ne7 11. Bh5 g6 12. Bf3 h5 13. Nc3 Bg4 14. e4 1/2-1/2

[Event "SLO-chT1 West"]
[Site "Ljubljana"]
[Date "2012.09.22"]
[Round "2.2"]
[White "Pregarac, Valter"]
[Black "Crepan, Marjan"]
[Result "1/2-1/2"]
[WhiteElo "2181"]
[BlackElo "2308"]
[PlyCount "214"]
[EventDate "2012.09.21"]
[EventType "team-tourn"]
[EventRounds "9"]
[EventCountry "SLO"]
[SourceTitle "EXT 2022"]
[Source "ChessBase"]
[SourceDate "2021.10.06"]
[SourceVersion "1"]
[SourceVersionDate "2021.10.06"]
[SourceQuality "1"]
[WhiteTeam "Piran"]
[BlackTeam "Podpec"]
[WhiteTeamCountry "SLO"]
[BlackTeamCountry "SLO"]

1. d4 d5 2. c4 c6 3. Nf3 Nf6 4. Nc3 dxc4 5. a4 Bf5 6. e3 e6 7. Bxc4 Bb4 8. 0-0 Nbd7 9. Qe2 Bg6 10. e4 0-0 11. Bd3 Re8 12. e5 Bxd3 13. Qxd3 Nd5 14. Nxd5 exd5 15. Ng5 Nf8 16. f4 c5 17. Be3 Rc8 18. Qb3 cxd4 19. Bxd4 Rc4 20. Rad1 Rxd4 21. Rxd4 Bc5 22. Rfd1 h6 23. Nf3 Ne6 24. Kh1 Bxd4 25. Nxd4 Nxf4 26. Nf3 Qc7 27. g3 Ng6 28. Qxd5 Qc2 29. Rd2 Qxa4 30. Qxb7 Qc4 31. Kg2 Re7 32. b3 Qc3 33. Qd5 Nxe5 34. Nxe5 Rxe5 35. Qd8+ Kh7 36. Qd3+ Qxd3 37. Rxd3 Kg6 38. h3 Kf6 39. Rd7 Re7 40. Rd3 Ke5 41. Kf3 f5 42. h4 g5 43. hxg5 hxg5 44. b4 g4+ 45. Kf2 Rc7 46. Rd8 Rc2+ 47. Ke3 Rc3+ 48. Kf2 Rf3+ 49. Kg2 Rb3 50. Re8+ Kd4 51. Rd8+ Kc4 52. Ra8 Rb2+ 53. Kg1 Ra2 54. Rb8 Kd4 55. b5 Ke4 56. b6 Kf3 57. bxa7 Ra1+ 58. Kh2 Ra2+ 59. Kg1 Ke3 60. Rb3+ Ke4 61. Rb4+ Ke5 62. Rb5+ Kf6 63. Rb2 Rxa7 64. Kg2 Ra3 65. Ra2 Ke5 66. Re2+ Kd4 67. Kf2 Rf3+ 68. Kg2 Re3 69. Ra2 Rc3 70. Rf2 Rc5 71. Ra2 Kd3 72. Ra3+ Rc3 73. Ra4 Rc2+ 74. Kg1 Rc4 75. Ra5 Ke4 76. Ra2 Rc3 77. Kg2 Rd3 78. Re2+ Re3 79. Rf2 Rc3 80. Rf4+ Ke5 81. Rf2 Rd3 82. Re2+ Kd6 83. Rf2 Rd5 84. Ra2 Ke5 85. Rf2 Kd4 86. Rf4+ Ke5 87. Rf2 Rd3 88. Rf4 Rd2+ 89. Kg1 Rd4 90. Rf2 Re4 91. Kg2 Ke6 92. Kh2 Re5 93. Rd2 Re3 94. Rf2 Rf3 95. Ra2 Kd5 96. Kg2 Kc4 97. Ra4+ Kb3 98. Ra5 Kb4 99. Ra2 Rc3 100. Rf2 Rc5 101. Rf4+ Kb3 102. Rf1 Kb2 103. Rf4 Rd5 104. Rc4 Rd2+ 105. Kg1 Rc2 106. Rf4 Rc5 107. Rf2+ Kc1 1/2-1/2

[Event "Porec op"]
[Site "Porec"]
[Date "2011.12.02"]
[Round "4"]
[White "Crepan, Marjan"]
[Black "Orak, Tugomir"]
[Result "0-1"]
[WhiteElo "2316"]
[BlackElo "2047"]
[PlyCount "76"]
[EventDate "2011.12.01"]
[EventType "swiss"]
[EventRounds "7"]
[EventCountry "CRO"]
[SourceTitle "CBM 145 Extra"]
[Source "ChessBase"]
[SourceDate "2012.01.03"]
[SourceVersion "1"]
[SourceVersionDate "2012.01.03"]
[SourceQuality "1"]

1. e4 c5 2. Nf3 e6 3. d4 cxd4 4. Nxd4 a6 5. Be2 Qc7 6. 0-0 Nf6 7. Nc3 Nc6 8. Kh1 Be7 9. f4 d6 10. Be3 0-0 11. Qe1 Bd7 12. Qg3 Ne8 13. Rad1 Bf6 14. Nb3 b5 15. a3 Bc8 16. Rd2 Rb8 17. Nd1 b4 18. a4 Na5 19. Nxa5 Qxa5 20. b3 Qc7 21. Bg1 Bb7 22. Bd3 Rd8 23. Ne3 a5 24. Ng4 Bc3 25. Re2 Nf6 26. Re3 Qe7 27. e5 Nxg4 28. Qxg4 g6 29. Bf2 dxe5 30. Bh4 Qc5 31. Rh3 f5 32. Qe2 Rd7 33. fxe5 Qxe5 34. Re3 Qc7 35. Bf2 e5 36. Bc4+ Kg7 37. Rd3 Bxg2+ 38. Kxg2 Rfd8 0-1

[Event "Lucija op 3rd"]
[Site "Lucija"]
[Date "2011.08.15"]
[Round "5"]
[White "Beletic, Daniel"]
[Black "Crepan, Marjan"]
[Result "1-0"]
[WhiteElo "2215"]
[BlackElo "2346"]
[PlyCount "53"]
[EventDate "2011.08.14"]
[EventType "swiss"]
[EventRounds "9"]
[EventCountry "SLO"]
[SourceTitle "EXT 2012"]
[Source "ChessBase"]
[SourceDate "2011.11.24"]
[SourceVersion "1"]
[SourceVersionDate "2011.11.24"]
[SourceQuality "1"]

1. c4 Nf6 2. Nc3 c6 3. e4 d5 4. exd5 cxd5 5. d4 Nc6 6. Nf3 e6 7. a3 dxc4 8. Bxc4 Be7 9. 0-0 0-0 10. Re1 a6 11. Ba2 b5 12. d5 exd5 13. Nxd5 Nxd5 14. Qxd5 Bb7 15. Qh5 Rc8 16. Bg5 Rc7 17. Rad1 Qe8 18. Re4 Bc8 19. Rde1 Bf5 20. Bxe7 Bxe4 21. Bxf8 Kxf8 22. Ng5 Nd8 23. f3 Qe7 24. Nxe4 Rc6 25. Qxh7 Qa7+ 26. Kh1 Qe3 27. Rd1 1-0